000 00687nam a2200289Ia 4500
005 20260324135622.0
008 008 260324s9999 xx 000 0 eng d
020 _a9780203013892
037 _aEBOOK
040 _aCRL
040 _beng
040 _cCRL
041 _2eng
041 _aeng
084 _qCRL
100 _aAnne Varty
_91201269
245 0 _aEve's Century
245 2 _bA Sourcebook of Writings on Women and Journalism 1895-1950
260 _bTaylor and Francis
260 _c2000
365 _a
365 _b185
856 _uhttp://www.taylorfrancis.com/books/9780203013892
942 _cEBOOK
999 _c1802549
_d1802549